000 00640nam a2200181Ia 4500
003 GCL
008 140319s9999 xx 000 0 ara d
040 _aGCL /
_cGCL
082 0 4 _a924
_bث م
100 1 _aثريا عبدالفتاح ملجس
245 1 0 _aالمعلم الخليل بن احمد الفراهيدى الازدى البصرى /
_cثريا عبدالفتاح ملجس
300 _a54 ص
490 _aمن تراثنا
_v0
650 0 4 _aالخليل بن احمد الفراهيدى
650 0 4 _aاللغة العربية - النحو
650 0 4 _aالادب العربى - العصر الاموى
942 _2ddc
_cBK
999 _c42176
_d42176